[Event "POL-chT U20 2nd League"]
[Site "Sypniewo"]
[Date "2020.??.??"]
[Round "1.59"]
[White "Zybrant, Sandra"]
[Black "Wasala, Wiktoria"]
[Result "0-1"]
[WhiteElo "1084"]
[BlackElo "1458"]
[PlyCount "108"]
[EventDate "2020.10.23"]
[EventType "team-swiss"]
[EventRounds "9"]
[EventCountry "POL"]
[SourceTitle "CBM 199 Extra"]
[Source "ChessBase"]
[SourceDate "2021.01.31"]
[SourceVersion "1"]
[SourceVersionDate "2021.01.31"]
[SourceQuality "1"]

1. e4 Nf6 2. d3 e5 3. Nf3 Nc6 4. g3 Bc5 5. Bg2 d5 6. exd5 Nxd5 7. 0-0 0-0 8. Re1 Bg4 9. h3 Bh5 10. g4 Bg6 11. Nxe5 Qh4 12. Re2 Nxe5 13. Bxd5 c6 14. Bg2 Qf6 15. Rd2 Rad8 16. Qf1 h5 17. gxh5 Bxh5 18. Nc3 Nf3+ 19. Bxf3 Bxf3 20. Ne4 Qg6+ 21. Ng3 Bd6 22. Kh2 Bf4 23. b3 Qg5 24. Rd1 Bxd1 25. Qxd1 Rfe8 26. Bxf4 Qxf4 27. Kg2 Rd6 28. Qg4 Qe5 29. Rg1 Qd5+ 30. Kh2 Rg6 31. Qd1 Qd4 32. Qd2 Rf6 33. Rg2 Qf4 34. Qxf4 Rxf4 35. Nh5 Rf3 36. Nxg7 Re1 37. Nf5+ Kf8 38. Ne3 Re2 39. d4 Rfxf2 40. Rxf2 Rxf2+ 41. Kg3 Rd2 42. h4 Rxd4 43. h5 Re4 44. Ng4 Re2 45. Kh4 Rxc2 46. Kg5 Rxa2 47. Kh6 f5 48. Nf6 Rg2 49. Nh7+ Ke7 50. Ng5 f4 51. Nh3 f3 52. Kh7 f2 53. Nxf2 Rxf2 54. Kh8 Rh2 0-1

[Event "Lazy op 14th"]
[Site "Lazy"]
[Date "2018.07.02"]
[Round "8"]
[White "Wasala, Wiktoria"]
[Black "Wojdak, Jan"]
[Result "0-1"]
[WhiteElo "1521"]
[BlackElo "1712"]
[PlyCount "106"]
[EventDate "2018.06.24"]
[EventType "swiss"]
[EventRounds "9"]
[EventCountry "POL"]
[SourceTitle "CBM 185 Extra"]
[Source "ChessBase"]
[SourceDate "2018.07.29"]
[SourceVersion "1"]
[SourceVersionDate "2018.07.29"]
[SourceQuality "1"]

1. e4 c5 2. Nc3 Nc6 3. f4 g6 4. Nf3 Bg7 5. g3 d6 6. Bg2 e6 7. d3 Nge7 8. Be3 0-0 9. 0-0 Nd4 10. Rb1 Nec6 11. Ne2 d5 12. Nexd4 cxd4 13. Bf2 dxe4 14. dxe4 e5 15. Qd3 f6 16. Qb3+ Kh8 17. Rbd1 Qe7 18. fxe5 fxe5 19. c3 Be6 20. Qc2 Rac8 21. Qd2 Rfd8 22. cxd4 Nxd4 23. Nxd4 exd4 24. b3 b6 25. Rc1 Rc3 26. Kh1 a5 27. Bxd4 Rxc1 28. Bxg7+ Kxg7 29. Qxc1 Qc5 30. Qxc5 bxc5 31. Rc1 Rd2 32. h4 Rxa2 33. Rxc5 Bxb3 34. e5 a4 35. Rc7+ Kg8 36. Bh3 Re2 37. Rc8+ Kg7 38. Rc7+ Kh6 39. g4 g5 40. hxg5+ Kxg5 41. Rxh7 Rxe5 42. Ra7 Kf4 43. Kg2 Re2+ 44. Kg1 Ra2 45. Rc7 a3 46. Rc1 Rb2 47. Rf1+ Kg3 48. g5 Kxh3 49. g6 Rg2+ 50. Kh1 Bd5 51. Rf5 Rf2+ 52. Kg1 Rxf5 53. g7 Bg2 0-1

[Event "POL-chT3 Dolnoslaskie 1718"]
[Site "Poland"]
[Date "2017.11.05"]
[Round "3.5"]
[White "Wasala, Wiktoria"]
[Black "Frej, Zofia"]
[Result "1-0"]
[WhiteElo "1512"]
[BlackElo "1865"]
[PlyCount "91"]
[EventDate "2017.10.08"]
[EventType "team-tourn"]
[EventRounds "11"]
[EventCountry "POL"]
[SourceTitle "EXT 2019"]
[Source "ChessBase"]
[SourceDate "2018.10.10"]
[SourceVersion "1"]
[SourceVersionDate "2018.10.10"]
[SourceQuality "1"]

1. e4 c5 2. Nc3 e6 3. f4 d5 4. exd5 exd5 5. Bb5+ Bd7 6. Qe2+ Qe7 7. Bxd7+ Nxd7 8. Nxd5 Qxe2+ 9. Nxe2 0-0-0 10. b3 Ne7 11. Nxe7+ Bxe7 12. Bb2 Bf6 13. 0-0-0 Bxb2+ 14. Kxb2 Nf6 15. d3 Ng4 16. Rde1 Rhe8 17. Nc3 f5 18. h3 Nf6 19. Re5 Rxe5 20. fxe5 Nd5 21. Nxd5 Rxd5 22. Re1 Kd7 23. e6+ Ke7 24. Kc3 b6 25. Kc4 Rd6 26. Kb5 a5 27. a3 f4 28. b4 axb4 29. axb4 cxb4 30. Kxb4 Rd5 31. Re4 g5 32. d4 b5 33. c4 bxc4 34. Kxc4 Rd8 35. d5 Kd6 36. Kd4 Re8 37. Re5 h6 38. Ke4 Ke7 39. Rf5 Ra8 40. Rf7+ Kd6 41. Rd7+ Kc5 42. e7 Ra2 43. Kf5 Re2 44. Kf6 f3 45. gxf3 Re3 46. Kg6 1-0

[Event "POL-chT U20 2nd League"]
[Site "Szczyrk"]
[Date "2017.07.28"]
[Round "9.70"]
[White "Wasala, Wiktoria"]
[Black "Bilczewska, Olga"]
[Result "0-1"]
[WhiteElo "1451"]
[BlackElo "1659"]
[PlyCount "120"]
[EventDate "2017.07.22"]
[EventType "team-swiss"]
[EventRounds "11"]
[EventCountry "POL"]
[SourceTitle "EXT 2019"]
[Source "ChessBase"]
[SourceDate "2018.10.10"]
[SourceVersion "1"]
[SourceVersionDate "2018.10.10"]
[SourceQuality "1"]

1. e4 e5 2. Nc3 Nf6 3. g3 Bc5 4. Bg2 d6 5. Nge2 Nc6 6. 0-0 a6 7. d3 Be6 8. a3 0-0 9. h3 Nd7 10. g4 Qh4 11. Be3 Bxe3 12. fxe3 h5 13. Qe1 Qxe1 14. Raxe1 hxg4 15. hxg4 Bxg4 16. Nd5 Rac8 17. Ng3 g6 18. Rf2 Kg7 19. Ref1 Be6 20. c4 Bxd5 21. cxd5 Ne7 22. Bh3 Rcd8 23. Rc1 c6 24. d4 Nb6 25. dxc6 bxc6 26. Rcf1 Nc4 27. Re2 Rb8 28. Rff2 Rb3 29. dxe5 dxe5 30. Nf1 Rfb8 31. Nd2 Nxd2 32. Rxd2 Rxe3 33. Bg2 Reb3 34. Rd7 R3b7 35. Rdd2 Rb6 36. Bf1 a5 37. Bc4 f6 38. b3 c5 39. a4 f5 40. Rde2 f4 41. Rf3 Nc6 42. Rh2 Rh8 43. Rhf2 Nd4 44. Rc3 g5 45. Rg2 Rg6 46. Bb5 Rc8 47. Bd7 Rc7 48. Bg4 Rh6 49. Bf5 Nxf5 50. Rxg5+ Rg6 51. Rxg6+ Kxg6 52. exf5+ Kxf5 53. Kf2 e4 54. Rc4 Ke5 55. Ke2 Kd5 56. Kd2 Rh7 57. Ke2 Rh2+ 58. Kf1 f3 59. Ke1 e3 60. Rf4 Rh1# 0-1

[Event "POL-chT U19 2nd League"]
[Site "Iwonicz"]
[Date "2016.07.31"]
[Round "10.60"]
[White "Wasala, Wiktoria"]
[Black "Wyrzykowska, Aleksandra"]
[Result "0-1"]
[WhiteElo "1365"]
[BlackElo "1251"]
[PlyCount "118"]
[EventDate "2016.07.23"]
[EventType "team-swiss"]
[EventRounds "11"]
[EventCountry "POL"]
[SourceTitle "EXT 2019"]
[Source "ChessBase"]
[SourceDate "2018.10.10"]
[SourceVersion "1"]
[SourceVersionDate "2018.10.10"]
[SourceQuality "1"]
[WhiteTeam "Radkow Giecek U19"]
[BlackTeam "Gdynia MDK U19"]
[WhiteTeamCountry "POL"]
[BlackTeamCountry "POL"]

1. e4 d5 2. exd5 Nf6 3. d4 Nxd5 4. c4 Nb6 5. Nc3 Bf5 6. Be3 e6 7. Bd3 Bxd3 8. Qxd3 Nc6 9. Nge2 Qd7 10. 0-0 0-0-0 11. Rfd1 Ne5 12. Qc2 Nexc4 13. Rac1 c6 14. b3 Nxe3 15. fxe3 Kb8 16. e4 Ba3 17. Rb1 Qe7 18. Rf1 Rd7 19. Rbd1 Rhd8 20. Nb1 Bd6 21. Nbc3 Bb4 22. Nb1 Bd6 23. Nd2 Bc7 24. Nf3 g6 25. a4 Qb4 26. Ng5 f5 27. Nxe6 fxe4 28. Nxd8 Bxd8 29. Qc3 Qe7 30. Qc5 Qe6 31. Qe5+ Rd6 32. Nc3 e3 33. Rde1 Qxe5 34. dxe5 Rd3 35. Rd1 Rxc3 36. Rxd8+ Kc7 37. Rd4 Nd5 38. Rb1 Kd7 39. g4 Ke6 40. Re4 Rc2 41. Re1 Rc3 42. Rb1 Rd3 43. Re1 Rxb3 44. Kg2 Rb2+ 45. Kg3 g5 46. h4 h6 47. hxg5 hxg5 48. Rh1 e2 49. Rh6+ Kf7 50. Rd6 Nc3 51. e6+ Ke8 52. Re3 Rb1 53. Kf2 Rf1+ 54. Kg2 e1Q 55. Rxe1 Rxe1 56. Rd7 Rxe6 57. Rxb7 Re7 58. Rb8+ Kf7 59. Rc8 Nxa4 0-1